[Event "CrunchLab Masters Div 2 L"]
[Site "chess.com INT"]
[Date "2024.07.21"]
[Round "2.3"]
[White "Svane, Frederik"]
[Black "Durarbayli, Vasif"]
[Result "1/2-1/2"]
[WhiteTitle "GM"]
[BlackTitle "GM"]
[WhiteElo "2636"]
[BlackElo "2628"]
[WhiteFideId "12923044"]
[BlackFideId "13402935"]
[EventDate "2024.07.20"]
[EventType "k.o."]

1. d4 d5 2. Nf3 Nf6 3. Bf4 c5 4. e3 Nc6 5. Nbd2 Qb6 6. dxc5 Qxb2 7. Rb1 Qc3 8.
Bb5 e6 9. O-O Be7 10. e4 O-O 11. e5 Nd7 12. Nb3 Qb4 13. Nfd4 Nxd4 14. Nxd4 Qxc5
15. Re1 Bd8 16. Re3 Bb6 17. c3 Qe7 18. Bd3 f5 19. exf6 Nxf6 20. Qe2 Ne4 21. Bxe4
Rxf4 22. Bxd5 Bxd4 23. cxd4 Rxd4 24. Bxe6+ Bxe6 25. Rxe6 Qd7 26. Re7 Qc6 27. Qe5
Rg4 28. f3 Rg6 29. Rc7 Qxf3 30. g3 Rf8 31. Qe1 Rb6 32. Rxb6 axb6 33. Re7 h6 34.
a4 Kh8 35. Re8 Rxe8 36. Qxe8+ Kh7 37. Qb5 Qc6 38. Qd3+ Kg8 39. Qb3+ Kf8 40. Kf2
Ke7 41. Qe3+ Qe6 42. Qa3+ Qd6 43. Qe3+ Qe6 44. Qa3+ Qd6 45. Qb3 Qe6 46. Qb5 Qc6
47. Qe5+ Kf7 48. Qb8 Qxa4 49. Qxb7+ Kg8 50. Qb8+ Kh7 51. Qxb6 Qc2+ 52. Kg1 Qd1+
53. Kg2 Qe2+ 54. Qf2 Qxf2+ 55. Kxf2 Kg6 56. Kf3 Kf5 1/2-1/2

[Event "CrunchLab Masters Div 2 L"]
[Site "chess.com INT"]
[Date "2024.07.21"]
[Round "3.1"]
[White "Kramnik, Vladimir"]
[Black "Karthikeyan, Murali"]
[Result "1/2-1/2"]
[WhiteTitle "GM"]
[BlackTitle "GM"]
[WhiteElo "2753"]
[BlackElo "2627"]
[WhiteFideId "4101588"]
[BlackFideId "5074452"]
[EventDate "2024.07.20"]
[EventType "k.o."]

1. Nf3 g6 2. e4 Bg7 3. d4 d6 4. Be2 Nf6 5. Nc3 O-O 6. O-O c6 7. a4 Qc7 8. Be3
Nbd7 9. a5 Rb8 10. h3 b5 11. axb6 axb6 12. d5 Nc5 13. Nd4 Ncxe4 14. Nxc6 Nxc3
15. bxc3 Ne4 16. Bf3 Nxc3 17. Qd2 Bb7 18. Nxb8 Rxb8 19. Bd4 Bxd4 20. Qxd4 Qc5
21. Qxc5 dxc5 22. Rfe1 Bxd5 23. Bxd5 Nxd5 24. c4 Nb4 25. Rxe7 Nc6 26. Re4 Rb7
27. Rb1 Kg7 28. g3 h5 29. Kg2 Na5 30. g4 hxg4 31. hxg4 Kf6 32. Kg3 g5 33. Rd1
Kg7 34. Rd5 f6 35. Rd6 Kf7 36. Ree6 Nxc4 37. Rxf6+ Ke7 38. Rde6+ Kd7 39. Rg6 b5
40. Ref6 Ke7 41. Rf5 Nd6 42. Re5+ Kd7 43. Rd5 Rb6 44. Kf3 c4 45. Rc5 b4 46. Rg7+
Ke6 47. Rg6+ Kf7 48. Rxd6 Rxd6 49. Rxc4 Rb6 50. Ke4 Ke6 51. Rc1 b3 52. Kd4 b2
53. Rb1 Rb4+ 54. Kc3 Rb8 55. Kd4 Kd6 56. Ke4 Rb4+ 57. Kf5 Rb5+ 58. Ke4 Kc5 59.
f4 gxf4 60. Kxf4 Kc4 61. g5 Kc3 62. g6 Rb7 63. Kg5 Kc2 64. Rxb2+ Kxb2 65. Kh6
Rb6 66. Kh7 Rxg6 67. Kxg6 1/2-1/2

[Event "CrunchLab Masters Div 2 L"]
[Site "chess.com INT"]
[Date "2024.07.21"]
[Round "3.2"]
[White "Karthikeyan, Murali"]
[Black "Kramnik, Vladimir"]
[Result "0-1"]
[WhiteTitle "GM"]
[BlackTitle "GM"]
[WhiteElo "2627"]
[BlackElo "2753"]
[WhiteFideId "5074452"]
[BlackFideId "4101588"]
[EventDate "2024.07.20"]
[EventType "k.o."]

1. Nf3 Nf6 2. b3 c5 3. Bb2 b6 4. g3 Bb7 5. Bg2 e6 6. O-O Be7 7. d3 O-O 8. Nbd2
Nc6 9. e4 d5 10. Re1 Qc7 11. exd5 exd5 12. Ne5 Rfe8 13. Nxc6 Bxc6 14. Be5 Qb7
15. c4 Rad8 16. Qc2 Nd7 17. Bf4 Nf8 18. Nf1 Bf6 19. Rad1 Ne6 20. Be3 h5 21. h4
g6 22. Nh2 Ng7 23. cxd5 Bxd5 24. Be4 Bxe4 25. dxe4 Rxd1 26. Rxd1 Qxe4 27. Qxe4
Rxe4 28. Nf3 Nf5 29. Bf4 Re2 30. a4 Nd4 31. Kg2 Rb2 32. Be3 Nxf3 33. Kxf3 Rxb3
34. Rd7 a5 35. Ke2 Kg7 36. Rd6 Rb4 37. Bd2 Rb2 38. Kf3 Bd4 39. Be3 Rb3 40. Kg2
Bxe3 41. fxe3 Kf8 42. Kf3 Ke7 43. Rc6 Rb4 44. e4 f6 45. Kf4 c4 46. Ke3 Rxa4 47.
Rxb6 Ra3+ 48. Kf4 a4 49. Rb4 c3 50. Rc4 Kd6 51. Ke3 c2+ 52. Kd2 Rxg3 53. Rxa4
Rg2+ 54. Kc1 Ke5 55. Ra6 g5 56. hxg5 fxg5 0-1

[Event "CrunchLab Masters Div 2 L"]
[Site "chess.com INT"]
[Date "2024.07.22"]
[Round "4.1"]
[White "Fedoseev, Vladimir3"]
[Black "Kramnik, Vladimir"]
[Result "1-0"]
[WhiteTitle "GM"]
[BlackTitle "GM"]
[WhiteElo "2687"]
[BlackElo "2753"]
[WhiteFideId "24130737"]
[BlackFideId "4101588"]
[EventDate "2024.07.20"]
[EventType "k.o."]

1. d4 d5 2. c4 e6 3. Nf3 Nf6 4. g3 Be7 5. Bg2 O-O 6. O-O dxc4 7. Qc2 b5 8. a4
Bb7 9. axb5 a6 10. bxa6 Nxa6 11. Qxc4 Bd5 12. Qd3 Nb4 13. Rxa8 Qxa8 14. Qe3 h6
15. Bd2 Rb8 16. Bc3 Bd6 17. h3 Be4 18. Bxb4 Rxb4 19. b3 Bd5 20. Nbd2 Qa7 21. Qd3
Qb7 22. Ne1 c5 23. Bxd5 Nxd5 24. Nc2 Rb5 25. Na3 Rb4 26. Nac4 Bf8 27. dxc5 Bxc5
28. Ra1 Bf8 29. e3 Rb5 30. Qd4 Nf6 31. Qd8 Rd5 32. Qa8 Qxa8 33. Rxa8 g6 34. Nf3
Nd7 35. Nd4 Kg7 36. Kg2 Bc5 37. Nc6 Rd3 38. Rd8 Kf6 39. b4 Be7 40. Re8 Bd6 41.
b5 Bc5 42. Rd8 Be7 43. Rc8 Bc5 44. Rc7 Rd5 45. e4 Rd3 46. e5+ Kg7 47. Nd6 Nxe5
48. Nxe5 Bxd6 49. Rxf7+ Kg8 50. Rd7 Rd5 51. Nxg6 Bc5 52. Rxd5 exd5 53. Nf4 d4
54. Kf3 Kf7 55. Ke4 1-0

[Event "CrunchLab Masters Div 2 L"]
[Site "chess.com INT"]
[Date "2024.07.22"]
[Round "4.2"]
[White "Kramnik, Vladimir"]
[Black "Fedoseev, Vladimir3"]
[Result "0-1"]
[WhiteTitle "GM"]
[BlackTitle "GM"]
[WhiteElo "2753"]
[BlackElo "2687"]
[WhiteFideId "4101588"]
[BlackFideId "24130737"]
[EventDate "2024.07.20"]
[EventType "k.o."]

1. d4 Nf6 2. Nf3 d5 3. c4 e6 4. e3 Be7 5. Nc3 O-O 6. h3 c5 7. dxc5 dxc4 8. Bxc4
Qxd1+ 9. Kxd1 Bxc5 10. Ke2 b6 11. Rd1 Bb7 12. Bd2 Nbd7 13. Be1 Rfc8 14. Bd3 Be7
15. Kf1 Rd8 16. Nd4 Rac8 17. Be2 a6 18. Rac1 Kf8 19. g4 h6 20. f3 b5 21. e4 Ne5
22. Bf2 Bb4 23. Nb3 Rxd1+ 24. Rxd1 Ke8 25. Be1 Bc6 26. Nd4 Be7 27. b3 Bb7 28. a4
bxa4 29. bxa4 Bb4 30. Na2 Bxe1 31. Kxe1 Nfd7 32. Nb4 Nc5 33. a5 Rd8 34. Kf2 g5
35. Ke3 Ke7 36. Rb1 Rd7 37. Nbc2 Rc7 38. Nb4 Rd7 39. Bf1 Kd8 40. Rc1 Rc7 41. Rc3
Ned7 42. Be2 Rc8 43. Ndc2 Ke7 44. Ne1 f5 45. exf5 exf5 46. gxf5 Kf6 47. Nec2
Kxf5 48. Kf2 Kf6 49. Ne3 h5 50. Rc2 Ke7 51. Nc4 Rf8 52. Ke3 Rf5 53. Rc3 Ne6 54.
Kd2 Rc5 55. Re3 Nf6 56. Bf1 Nd5 57. Nxd5+ Bxd5 58. Kc3 Kf6 59. Kb4 Rb5+ 60. Kc3
Rc5 61. Re1 Nf4 62. Kd4 Rb5 63. h4 gxh4 64. Nb6 Rxa5 65. Nd7+ Kf7 66. Re5 Ne6+
67. Kc3 Ra3+ 68. Kb4 Rxf3 69. Be2 Rf4+ 70. Ka5 Bc6 71. Bxh5+ Ke7 72. Nc5 Kd6 73.
Rxe6+ Kxc5 74. Re5+ Kd6 75. Rg5 h3 0-1